| LEADER |
01049nam0a2200217 450 |
| 001 |
16816555 |
| 010 |
|
|
|a 978-2-07-013794-7
|b br.
|d 22,5
|
| 100 |
|
|
|a 20130801d2026 u u0frey01 ba
|
| 101 |
1 |
|
|a fre
|c
|
| 102 |
|
|
|a FR
|
| 200 |
0 |
|
|a Inside
|e roman
|f Alix Ohlin
|g traduit de l'anglais (Canada) par Clément Baude
|
| 207 |
|
1 |
|a
|
| 210 |
|
|
|a Paris
|b 5 rue Sébastien Bottin.
|c Gallimard
|d impr. 2013
|
| 215 |
|
|
|a 1 vol. (362 p.)
|c jaquette ill. en coul.
|d 21 cm
|
| 225 |
1 |
|
|a Du monde entier
|x 0750-7879
|
| 330 |
|
|
|a Alix Ohlin est née et a grandi à Montréal. Elle vit aujourd'hui à Easton en Pennsylvanie et enseigne au Lafayette College ainsi qu'au sein du Warren Wilson MFA Program for Writers. Elle est l'auteur de deux romans et de deux recueils de nouvelles. Inside est son premier livre traduit en français.
|
| 700 |
|
0 |
|a Ohlin
|b Alix
|f 1972-....
|4 70
|
| 702 |
|
0 |
|a Baude
|b Clément
|f 1976-....
|4 730
|
| 900 |
|
|
|a Roman
|
| 901 |
|
|
|a Accessible au prêt
|
| 995 |
|
|
|a Bibliothèque
|c Bibliothèque
|f 024014110
|h 024014110
|k R OHL
|o p
|q a
|r az
|e Bibliothèque
|